All NLE Choppa Songs - Statistics

General Stats
  • This quiz has been taken 737 times
    296 since last reset
  • The average score is 24 of 128
Answer Stats
Album Song % Correct
Cottonwood Shotta Flow
96%
Cottonwood Shotta Flow (Remix)
96%
Me vs. Me Shotta Flow 6
85%
Single Shotta Flow 2
84%
Top Shotta Shotta Flow 3
84%
Top Shotta Shotta Flow 4
84%
Top Shotta Shotta Flow 5
84%
Top Shotta Camelot
68%
Top Shotta Walk Em Down
67%
Cottonwood 2 SLUT ME OUT
66%
Single #2 Capo
52%
Me vs. Me Final Warning
47%
Cottonwood 2 DO IT AGAIN
42%
Top Shotta Narrow Road
41%
Single #13 Famous Hoes
36%
Me vs. Me Jumpin
35%
From Dark to Light Bryson
34%
Top Shotta Top Shotta Flow
32%
Cottonwood 2 IN THE UK
26%
Cottonwood Step
26%
From Dark to Light Picture Me Grapin'
24%
Top Shotta Murda Talk
22%
Cottonwood 2 CHAMPIONS
21%
Top Shotta Depression
21%
Me vs. Me I.Y.B.
21%
Me vs. Me Mmm Hmm
21%
Me vs. Me Stompin
21%
Single #3 Birdboy
20%
Cottonwood Clicc Clacc
19%
From Dark to Light Moonlight
19%
Cottonwood 2 AIN'T GONNA ANSWER
18%
Single #7 Free Youngboy
18%
Newest Single Ever Ice Spice
18%
Top Shotta Make Em Say
18%
Me vs. Me Push It
18%
Cottonwood Side
18%
Cottonwood 2 STOMP EM OUT
18%
FAST X (Original Motion Picture Soundtrack) Angel Pt. 1
17%
Top Shotta Daydream
17%
Me vs. Me Lick Me Baby
17%
Cottonwood Matrix
17%
Cottonwood N.W.A.
17%
Me vs. Me Too Hot
17%
Me vs. Me Trap Phone
17%
Narco Choppa Hit the Scene
16%
Top Shotta Neighborhood Watch
15%
Cottonwood Untold
15%
Top Shotta Who TF Up in My Trap
15%
From Dark to Light 100 Grapes
14%
Single #15 100 Shots
14%
Me vs. Me Chicago to Memphis
14%
Cottonwood 2 DOPE
14%
Me vs. Me Drop Sh*t
14%
Me vs. Me Ima Dogg
14%
From Dark to Light Intro
14%
From Dark to Light Taliban
14%
Cottonwood 2 TALK DIFFERENT
14%
Narco Choppa You
14%
Cottonwood 2 BEFORE I
13%
From Dark to Light Body Catchers
13%
Cottonwood Chances
13%
Cottonwood Cruze
13%
Cottonwood 2 DISABILITY CHECKS
13%
Cottonwood 2 MO UP FRONT
13%
Top Shotta Paranoid
13%
Cottonwood 2 PRETTY BROWN
13%
Narco Choppa Redrum
13%
Another Single 23
12%
Single #4 Blocc Is Hot
12%
Narco Choppa Drip
12%
Top Shotta Made It Happen
12%
Top Shotta Molly
12%
From Dark to Light Paradise
12%
Me vs. Me Still Hood
12%
Top Shotta Watch Out for the Narcs
12%
Me vs. Me Youngest to Do It
12%
Top Shotta Can't Take It
11%
Me vs. Me Change My Ways
11%
From Dark to Light Done
11%
Single #11 Forever
11%
Top Shotta Gamble with My Heart
11%
From Dark to Light Hear Me
11%
Cottonwood 2 HOME
11%
From Dark to Light Man Down
11%
No Love the Takeover No Love Anthem
11%
From Dark to Light Twin Flame
11%
Narco Choppa Cursed
10%
Cottonwood 2 DROP TOP
10%
Single #14 Exotic
10%
December Single I Like
10%
Cottonwood 2 COLD GAME
9%
Top Shotta Double Back
9%
From Dark to Light Love Tonight
9%
Single #17 Protect
9%
Cottonwood 2 ROUND & ROUND
9%
Cottonwood 2 GLIDE WITH ME
8%
Cottonwood 2 HABITS
8%
Single #6 Stick by My Side
8%
Cottonwood 2 THUG IT OUT
8%
Cottonwood 2 ALL I KNOW
7%
Cottonwood 2 AUTOMOBOOTY
7%
Even Newer Single Little Miss
7%
Narco Choppa Ronny Killed
7%
Narco Choppa Snowman
7%
Cottonwood 2 ON GOD
6%
No Love the Takeover Pain
6%
FAST X (Original Motion Picture Soundtrack) Steppers
6%
Narco Choppa Thump It Out
6%
Narco Choppa Viagra Niagra
6%
No Love the Takeover 901, Pt. 2
5%
No Love the Takeover Brain Storming
5%
September Single College Girls
5%
No Love the Takeover Getting Money
5%
No Love the Takeover Humming in the Rain
5%
No Love the Takeover Letter to Mama
5%
No Love the Takeover Ride My Wave
5%
No Love the Takeover Dreamless Nights
4%
No Love the Takeover Feel My Drip
4%
No Love the Takeover For Any Opp
4%
No Love the Takeover Freaky Anthem
4%
No Love the Takeover I Pray
4%
Single #16 Ruff Rydas
4%
No Love the Takeover Through the Rain
4%
Single #12 Dekario
3%
Single #5 ChopBloc
2%
Single #10 ChopBloc 2
2%
Single #18 Hoopla
2%
No Love the Takeover Duppy Freestyle
1%
No matching quizzes found
Score Distribution
Percent of People with Each Score
Percentile by Number Answered
Your Score History
You have not taken this quiz since the last reset